000 01533cam a2200349 a 4500
001 EDZ0000063634
003 StDuBDS
005 20161031105148.0
006 m||||||||d||||||||
007 cr |||||||||||
008 120319s2001 cau fo| 000|0|eng|d
020 _a9781452231815 (ebook) :
_cNo price
040 _aStDuBDS
_beng
_cStDuBDS
_epn
049 _aAlfaisal Main Library
050 0 _aBF724.3.E5
_bL36 2001
082 0 4 _a155.5124
_223
100 1 _aLangelier, Carol A.
245 1 0 _aMood management
_h[electronic resource] :
_ba cognitive-behavioral skills-building program for adolescents.
_pSkills workbook /
_cCarol A. Langelier.
260 _aThousand Oaks, Calif. ;
_aLondon :
_bSAGE,
_cc2001.
300 _a1 online resource.
520 8 _aThis text provides a seven-step programme to assist adolescents who display behavioural problems, to deal with their emotions. This manual is aimed at adolescents and features exercises and checklists for use by the participants.
521 _aSpecialized.
530 _aAlso issued in print format.
588 _aDescription based on print version details on publisher's website; title from home page (viewed on Mar. 19, 2012).
650 0 _aEmotions in adolescence.
650 0 _aEmotions in adolescence
_vJuvenile literature.
655 7 _aElectronic books.
_2local
710 2 _aSage eBooks
776 0 8 _iPrint version :
_z9780761922995
856 4 0 _uhttp://ezproxy.alfaisal.edu/login?url=http://sk.sagepub.com/books/mood-management
942 _2lcc
_cEBOOKS
999 _c480688
_d480688